Security operations management / (Record no. 1428)

MARC details
000 -LEADER
fixed length control field 01719nam a22004457a 4500
001 - CONTROL NUMBER
control field 22953490
005 - DATE AND TIME OF LATEST TRANSACTION
control field 20241126105610.0
008 - FIXED-LENGTH DATA ELEMENTS--GENERAL INFORMATION
fixed length control field 241126b |||||||| |||| 00| 0 eng d
010 ## - LIBRARY OF CONGRESS CONTROL NUMBER
LC control number 2021276625
015 ## - NATIONAL BIBLIOGRAPHY NUMBER
National bibliography number GBC1I4774
Source bnb
016 7# - NATIONAL BIBLIOGRAPHIC AGENCY CONTROL NUMBER
Record control number 020386034
Source Uk
020 ## - INTERNATIONAL STANDARD BOOK NUMBER
International Standard Book Number 9780128223710
Qualifying information (pbk)
020 ## - INTERNATIONAL STANDARD BOOK NUMBER
International Standard Book Number 0128223715
035 ## - SYSTEM CONTROL NUMBER
System control number (OCoLC)on1285689132
040 ## - CATALOGING SOURCE
Original cataloging agency UKMGB
Language of cataloging eng
Transcribing agency KMU
Description conventions rda
Modifying agency KMU
042 ## - AUTHENTICATION CODE
Authentication code lccopycat
050 00 - LIBRARY OF CONGRESS CALL NUMBER
Classification number HD 9999.S452
Item number M43
100 1# - MAIN ENTRY--PERSONAL NAME
Personal name McCrie, Robert D.,
Relator term author.
245 10 - TITLE STATEMENT
Title Security operations management /
Statement of responsibility, etc. Robert McCrie, Suengmug (Zech) Lee.
250 ## - EDITION STATEMENT
Edition statement Fourth edition.
264 #1 - PRODUCTION, PUBLICATION, DISTRIBUTION, MANUFACTURE, AND COPYRIGHT NOTICE
Place of production, publication, distribution, manufacture United Kingdom :
Name of producer, publisher, distributor, manufacturer Butterworth-Heinemann, an imprint of Elsevier,
Date of production, publication, distribution, manufacture, or copyright notice 2023.
300 ## - PHYSICAL DESCRIPTION
Extent xv, 488 pages :
Other physical details illustrations ;
Dimensions 24 cm
336 ## - CONTENT TYPE
Content type term text
Source rdacontent
337 ## - MEDIA TYPE
Media type term unmediated
Source rdamedia
338 ## - CARRIER TYPE
Carrier type term volume
Source rdacarrier
500 ## - GENERAL NOTE
General note Previous edition: 2016.
504 ## - BIBLIOGRAPHY, ETC. NOTE
Bibliography, etc. note Includes bibliographical references and index.
650 #0 - SUBJECT ADDED ENTRY--TOPICAL TERM
Topical term or geographic name entry element Security systems industry
General subdivision Management.
650 #0 - SUBJECT ADDED ENTRY--TOPICAL TERM
Topical term or geographic name entry element Private security services
General subdivision Management.
650 #6 - SUBJECT ADDED ENTRY--TOPICAL TERM
Topical term or geographic name entry element Systèmes de sécurité
General subdivision Industrie
-- Gestion.
650 #6 - SUBJECT ADDED ENTRY--TOPICAL TERM
Topical term or geographic name entry element Services privés de sécurité
General subdivision Gestion.
650 #7 - SUBJECT ADDED ENTRY--TOPICAL TERM
Topical term or geographic name entry element Private security services
General subdivision Management.
Source of heading or term fast
Authority record control number or standard number (OCoLC)fst01077618
650 #7 - SUBJECT ADDED ENTRY--TOPICAL TERM
Topical term or geographic name entry element Security systems industry
General subdivision Management.
Source of heading or term fast
Authority record control number or standard number (OCoLC)fst01110894
700 1# - ADDED ENTRY--PERSONAL NAME
Personal name Lee, Seungmug,
Relator term author.
700 1# - ADDED ENTRY--PERSONAL NAME
Personal name McCrie, Robert D.
Title of a work Security operations management.
Version Third edition.
776 08 - ADDITIONAL PHYSICAL FORM ENTRY
Relationship information ebook version :
International Standard Book Number 9780128223727
906 ## - LOCAL DATA ELEMENT F, LDF (RLIN)
a 7
b cbc
c copycat
d 2
e ncip
f 20
g y-gencatlg
942 ## - ADDED ENTRY ELEMENTS (KOHA)
Source of classification or shelving scheme Library of Congress Classification
Koha item type Non-Fiction
Suppress in OPAC No
Holdings
Withdrawn status Lost status Source of classification or shelving scheme Damaged status Not for loan Collection Home library Current library Shelving location Date acquired Total Checkouts Total Renewals Full call number Barcode Date last seen Date last checked out Price effective from Koha item type
    Library of Congress Classification     Non-fiction Kapasa Makasa University Kapasa Makasa University Open Access 26.11.2024 5 6 HD 9999.S452 M43 Mcc 300824 17.03.2026 24.09.2025 26.11.2024 Non-Fiction